000 01255cam a22002891i 4500
003 SA-RiAUC
005 20250518090411.0
008 250513s1984 su g f00000 ara c
040 _aSA-EnSBSSC
_bara
_cSA-RiAUC
_erda
050 4 _b.J33 1984
082 0 4 _a276.6023
_qSA-RiAUC
090 _a276.6023
_b ج ب هـ
100 1 _aالجبهان، إبراهيم سليمان
_eمؤلف.
245 1 0 _aما يجب أن يعرفه المسلم من حقائق عن النصرانية والتبشير /
_cإبراهيم السليمان الجبهان.
250 _aالطبعة الأولى.
264 1 _aالرياض :
_bالرئاسة العامة لإدارات البحوث العلمية والإفتاء والدعوة والإرشاد،
_c[1984]
300 _a112 صفحة ؛
_c24 سم
336 _aنص
_btxt
_2rdacontent
_3كتاب
337 _aبدون وسيط
_bn
_2rdamedia
338 _aمجلد
_bnc
_2rdacarrier
500 _aوقف لله تعالى.
650 7 _aالإرساليات التبشيرية
_2aucsh
650 7 _aالإسلام والمسيحية
_2aucsh
650 7 _aالإسلام والإرساليات التبشيرية
_2aucsh
942 _2ddc
_cBOOK
_n0
949 _aSA-JeALM
_d250513
_umohamedma123
_n1
999 _c8005
_d8005